000
00288nam a2200121Ia 4500
005
20260326235442.0
008
260326s9999||||xx |||||||||||||| ||und||
100
_a
Phaidon
245
0
_a
Phaidon Design classics /
_c
Phaidon
260
_b
Phaidon
650
_a
DISEÑO INDUSTRIAL
942
_c
BK
999
_c
7454
_d
7454